Normal view MARC view
  • Radio Corporation of America

Entry Corporate Name

Number of records used in: 1

001 - CONTROL NUMBER

  • control field: 41608

003 - CONTROL NUMBER IDENTIFIER

  • control field: NUST

005 - DATE AND TIME OF LATEST TRANSACTION

  • control field: 20210314132105.0

008 - FIXED-LENGTH DATA ELEMENTS

  • fixed length control field: 210314|| aca||aabn | a|a d

040 ## - CATALOGING SOURCE

  • Original cataloging agency: NUST
  • Transcribing agency: NUST

110 ## - HEADING--CORPORATE NAME

  • Corporate name or jurisdiction name as entry element: Radio Corporation of America

670 ## - SOURCE DATA FOUND

  • Source citation: Work cat.: (NUST): Radio Corporation of America., RCA receiving tube manual /, c1959.
© 2023 Central Library, National University of Sciences and Technology. All Rights Reserved.